Aktív Turizmus Skóciában

Bibliographic Details
Main Author: Udvardi Tibor
Other Authors: Remenyik Dr. Bulcsú
Format: Thesis
Kulcsszavak:Skócia
gasztronómia
kiutaztatás
Online Access:http://dolgozattar.uni-bge.hu/20577

MARC

LEADER 00000nta a2200000 i 4500
001 dolg20577
005 20190910130325.0
008 190507suuuu hu om 000 hun d
040 |a BGE Dolgozattár Repozitórium  |b hun 
041 |a hu 
100 1 |a Udvardi Tibor 
245 1 0 |a Aktív Turizmus Skóciában  |c Udvardi Tibor  |h [elektronikus dokumentum] 
695 |a Skócia 
695 |a gasztronómia 
695 |a kiutaztatás 
700 1 |a Remenyik Dr. Bulcsú  |e ths 
856 4 0 |u http://dolgozattar.uni-bge.hu/20577/1/Akti%CC%81v%20turizmus%20Sko%CC%81cia%CC%81ban.pdf  |z Dokumentum-elérés